Digital computer technology and design / (Record no. 7730)
[ view plain ]
| 000 -LEADER | |
|---|---|
| fixed length control field | 00831nam a22002531 4500 |
| 001 - CONTROL NUMBER | |
| control field | 7730 |
| 003 - CONTROL NUMBER IDENTIFIER | |
| rucl marc code | BD-RjUL |
| 005 - DATE AND TIME OF LATEST TRANSACTION | |
| control field | 20211208234450.0 |
| 008 - FIXED-LENGTH DATA ELEMENTS--GENERAL INFORMATION | |
| fixed length control field | 140115s1963 nyua b 001 0 eng |
| 035 ## - SYSTEM CONTROL NUMBER | |
| System control number | (BD-RjUL)7774 |
| 040 ## - CATALOGING SOURCE | |
| Original cataloging agency | DLC/ICU |
| Transcribing agency | ICU |
| Modifying agency | DLC |
| -- | BD-RjUL |
| Language of cataloging | eng |
| 041 ## - LANGUAGE CODE | |
| Language code of text/sound track or separate title | eng |
| 082 00 - DEWEY DECIMAL CLASSIFICATION NUMBER | |
| Classification number | 510.7834 |
| Author mark and year | WAD 1966 |
| 100 1# - MAIN ENTRY--PERSONAL NAME | |
| Personal name | Ware, Willis H. |
| 9 (RLIN) | 24105 |
| 245 10 - TITLE STATEMENT | |
| Title | Digital computer technology and design / |
| Statement of responsibility, etc. | Willis H. Ware |
| 260 ## - PUBLICATION, DISTRIBUTION, ETC. (IMPRINT) | |
| Place of publication, distribution, etc. | New York : |
| Name of publisher, distributor, etc. | Wiley , |
| Date of publication, distribution, etc. | c1963 [ 2nd. pri. 1966] |
| 300 ## - PHYSICAL DESCRIPTION | |
| Pagination | xx, 15.27 p. : |
| Illustrations | illus. ; |
| Size | 23 cm. |
| 504 ## - BIBLIOGRAPHY, ETC. NOTE | |
| Bibliography, etc | Includes bibliographies and index. |
| 505 0# - FORMATTED CONTENTS NOTE | |
| Formatted contents note | v. 1. Mathematical topics, principles of operation, and programming.--v. 2. Circuits and machine design. |
| 650 #0 - SUBJECT ADDED ENTRY--TOPICAL TERM | |
| Topical term or geographic name as entry element | Electronic digital computers. |
| 9 (RLIN) | 24106 |
| 942 ## - ADDED ENTRY ELEMENTS (KOHA) | |
| Source of classification or shelving scheme | Dewey Decimal Classification |
| Koha item type | Books |
| Lost status | Source of classification or shelving scheme | Materials specified (bound volume or other part) | Damaged status | Not for loan | Collection code | Permanent Location | Current Location | Shelving location | Date acquired | Source of acquisition | Cost, normal purchase price | Total Checkouts | Full call number | Date last seen | Copy number | Koha item type |
|---|---|---|---|---|---|---|---|---|---|---|---|---|---|---|---|---|
| Dewey Decimal Classification | V-2 | Not For Loan | Non-fiction | Central Library, University of Rajshahi | Central Library, University of Rajshahi | 06/04/1968 | Zeitlinger | 105.00 | 510.7834 WAD 1966 | 15/01/2014 | C-1 | Books |